00305nam a2200121Ia 4500008004100000041000800041082001500049100001500064245003600079260003700115300002400152365000700176240624s9999 xx 000 0 und d aeng a302.35 PAN aPANDEY S N aTATA STEEL BECOMING WORLD CLASS c2007aNew DelhibShri Ram Centre a160 : p. : cm. ; 22 cRS